[Event "9th Open"]
[Site "Dubai UAE"]
[Date "2007.04.24"]
[Round "3"]
[White "Tissir,M"]
[Black "Petrosian,TL"]
[Result "1/2-1/2"]
[WhiteElo "2465"]
[BlackElo "2580"]

1.e4 c5 2.Nc3 Nc6 3.Bb5 Nd4 4.Bc4 e6 5.Nge2 Nf6 6.O-O b5 7.Nxb5 Nxb5 8.Bxb5 Nxe4
9.Ng3 Nd6 10.Be2 Qb6 11.b3 Be7 12.Bb2 Bf6 13.Bxf6 gxf6 14.Bf3 Rb8 15.Re1 Rg8
16.c4 Rg6 17.Rc1 Rg5  1/2-1/2

[Event "9th Open"]
[Site "Dubai UAE"]
[Date "2007.04.29"]
[Round "8"]
[White "Ghaem Maghami,E"]
[Black "Kotsur,P"]
[Result "1/2-1/2"]
[WhiteElo "2599"]
[BlackElo "2588"]

1.e4 c5 2.Nc3 Nc6 3.Nge2 g6 4.d4 cxd4 5.Nxd4 Bg7 6.Be3 Nf6 7.Bc4 O-O 8.Bb3 d6
9.h3 Bd7 10.O-O a5 11.a4 Nxd4 12.Bxd4 Bc6 13.Qd3 Nd7 14.Bxg7 Kxg7 15.Qd4+ Kg8
16.Nd5 Nc5 17.Rad1 Rb8 18.e5 Nxb3 19.cxb3 b5 20.Qc3 Bxd5 21.Rxd5 bxa4 22.bxa4 Rb4
23.exd6 exd6 24.Rfd1 Rxa4 25.Rxd6 Qb8  1/2-1/2

[Event "I Open Casino"]
[Site "Lugano SUI"]
[Date "2007.04.29"]
[Round "1"]
[White "Brunello,S"]
[Black "Steenvoorden,D"]
[Result "1-0"]
[WhiteElo "2454"]
[BlackElo "2071"]

1.e4 c5 2.Nf3 Nc6 3.Nc3 g6 4.d4 cxd4 5.Nxd4 Bg7 6.Be3 Nf6 7.Bc4 Qa5 8.O-O d6
9.Nb3 Qh5 10.Be2 Bg4 11.f3 Be6 12.h3 Bh6 13.f4 Qh4 14.Rf3 Bxb3 15.axb3 Bg7
16.Qd2 O-O 17.Bf2 Qh6 18.g4 Nd7 19.g5 Bxc3 20.Rxc3 Qg7 21.e5 Rfd8 22.exd6 exd6
23.Bf3 Nc5 24.Rd1 Qf8 25.h4 Ne7 26.h5 Nf5 27.b4 Ne6 28.hxg6 hxg6 29.Bd5 Re8
30.Kg2 Neg7 31.Rh3 Nh5 32.Rdh1 Qe7 33.Bf3 Nfg7 34.Bd4 Rac8 35.c3 Qe6 36.Kf2 Qf5
37.Bxg7 Kxg7 38.Bxh5 gxh5 39.Qd4+ Kf8 40.Rxh5 d5 41.g6 Qc2+ 42.Kg3 Qxg6+
43.Rg5 Qc2 44.Rh8+  1-0

[Event "Icaro Open"]
[Site "Mexico City MEX"]
[Date "2007.04.29"]
[Round "5"]
[White "Sanchez Enriquez,O"]
[Black "Capo Vidal,U"]
[Result "1-0"]
[WhiteElo "2242"]
[BlackElo "2361"]

1.e4 c5 2.Nf3 Nc6 3.Nc3 Nf6 4.Bb5 g6 5.e5 Ng4 6.Bxc6 dxc6 7.h3 Nh6 8.g4 c4
9.Qe2 Be6 10.d3 cxd3 11.cxd3 Bg7 12.Bf4 Qa5 13.O-O Qb4 14.Qe3 Bxg4 15.hxg4 Nxg4
16.Qe4 Qxb2 17.Qc4 Nxf2 18.Bg3 Nh3+ 19.Kh1 h5 20.Rab1 Qa3 21.Rxb7 O-O 22.Rb3 Qa5
23.Qh4 Rab8 24.Rxb8 Rxb8 25.Ne4 Rf8 26.Qxh3 Qxa2 27.Qd7 Qd5 28.Qxd5 cxd5
29.Nc3 e6 30.Ra1 Rc8 31.Nb5 Rb8 32.Nd6 Ra8 33.Ra6 f6 34.d4 g5 35.exf6 Bxf6
36.Be5 Bxe5 37.dxe5 Rb8 38.Rxa7 Rb3 39.Nxg5 Re3 40.Nxe6  1-0

[Event "GM"]
[Site "Ostrava CZE"]
[Date "2007.04.29"]
[Round "2"]
[White "Movsesian,S"]
[Black "Krasenkow,M"]
[Result "1/2-1/2"]
[WhiteElo "2642"]
[BlackElo "2661"]

1.e4 c5 2.Nc3 Nc6 3.Bb5 Nd4 4.Bc4 e6 5.Nge2 Nf6 6.O-O b5 7.Nxd4 bxc4 8.Nf3 d5
9.exd5 exd5 10.Re1+ Be7 11.Ne5 Bb7 12.d4 cxd3 13.cxd3 O-O 14.d4 Ne4 15.Be3 Nxc3
16.bxc3 Bd6 17.Bf4 c4 18.Qg4 Bxe5 19.Rxe5 f6 20.Re3 Re8 21.Rae1 Bc6 22.h4 Qd7
23.Qxd7 Bxd7 24.Re7 h5 25.f3 a6 26.Kf2 Rxe7 27.Rxe7 Ra7 28.g4 hxg4 29.fxg4 Rb7
30.Kg3 Bc6 31.Re6 Bb5 32.g5 Kf7 33.Rd6 Rd7 34.Rb6 Re7 35.h5 fxg5 36.Be5 Re6
37.Rb7+ Re7 38.Rb6 Re6 39.Rb7+ Re7  1/2-1/2

[Event "12th Cvitanovic Mem A"]
[Site "Split CRO"]
[Date "2007.04.29"]
[Round "2"]
[White "Plenkovic,Z"]
[Black "Bogosavljevic,B"]
[Result "0-1"]
[WhiteElo "2329"]
[BlackElo "2470"]

1.e4 c5 2.Nf3 Nc6 3.Nc3 d6 4.Bb5 Bd7 5.O-O e6 6.Re1 Be7 7.Bxc6 Bxc6 8.d4 cxd4
9.Nxd4 Nf6 10.Bg5 O-O 11.e5 dxe5 12.Nxc6 bxc6 13.Rxe5 Qb8 14.Re3 Rd8 15.Qe2 Qxb2
16.Rb1 Qa3 17.Nd5 Qd6 18.Nxf6+ Bxf6 19.Bxf6 gxf6 20.Qg4+ Kf8 21.Qh4 Qd1+
22.Re1 Qxc2 23.Qxf6 Kg8 24.Rb3 Rd1 25.Rg3+ Kf8 26.Re3 Rxe1+ 27.Rxe1 Qd2 28.Rb1 Rd8
29.h3 Qd4 30.Qh6+ Qg7 31.Qh4 Re8 32.Rb3 Qa1+ 33.Kh2 Qe5+ 34.f4 Qg7 35.Rb7 a5
36.Qh5 Qf6 37.Qg4 h5 38.Qxh5 Qxf4+ 39.Kh1 Qf1+ 40.Kh2 Qf4+ 41.Kh1 Kg7 42.Qxa5 Qf1+
43.Kh2 Qf4+ 44.Kh1 e5 45.Rb1 e4 46.Qc3+ Qf6 47.Qxf6+ Kxf6 48.Rc1 Rc8 49.Kg1 c5
50.Kf2 c4 51.Ke3 Ke5 52.g4 Rh8 53.Rh1 Ra8 54.Rf1 Ra3+ 55.Kd2 Rf3 56.Rh1 Kd4
57.h4 Rf2+  0-1

[Event "9th Open"]
[Site "Dubai UAE"]
[Date "2007.04.30"]
[Round "9"]
[White "Petrosian,TL"]
[Black "Kotanjian,T"]
[Result "1-0"]
[WhiteElo "2580"]
[BlackElo "2560"]

1.e4 c5 2.Nc3 Nc6 3.Bb5 Nd4 4.Ba4 a6 5.d3 e6 6.Nge2 b5 7.Bb3 Nxb3 8.axb3 Bb7
9.O-O Nf6 10.f4 d5 11.e5 d4 12.exf6 dxc3 13.f5 Qxf6 14.fxe6 Qxe6 15.Nf4 Qd7
16.Re1+ Be7 17.Qe2 Kf8 18.bxc3 Re8 19.Qf2 Qf5 20.c4 h5 21.Nd5 Qxf2+ 22.Kxf2 Bh4+
23.g3 Rxe1 24.Kxe1 Bd8 25.Be3 h4 26.g4 f5 27.Bxc5+ Kf7 28.gxf5 Re8+ 29.Kd2 Re5
30.Rf1 Bc8 31.f6 gxf6 32.Bd4 Rf5 33.Rxf5 Bxf5 34.Bb6 Be7 35.Nxe7 Kxe7 36.cxb5 axb5
37.Bf2 h3 38.c4 Kd6 39.Kc3 Bg6 40.d4 Ke6 41.d5+ Ke5 42.Bd4+ Kf5 43.Kb4 bxc4
44.bxc4 Bh5 45.Kc5 Bd1 46.Bc3 Bb3  1-0

[Event "TCh-RUS"]
[Site "Sochi RUS"]
[Date "2007.05.02"]
[Round "1"]
[White "Kurnosov,I"]
[Black "Moiseenko,A1"]
[Result "1/2-1/2"]
[WhiteElo "2566"]
[BlackElo "2630"]

1.e4 c5 2.Nc3 Nc6 3.Nge2 d6 4.d4 cxd4 5.Nxd4 e5 6.Nf5 Bxf5 7.exf5 Qd7 8.Bc4 Qxf5
9.Be3 Nf6 10.Qe2 Be7 11.h3 Nd4 12.Bxd4 exd4 13.Nb5 O-O 14.O-O Qe5 15.Rfe1 a6
16.Qd1 Qc5 17.Nxd4 d5 18.Bd3 Rfe8 19.c3 Bf8 20.Qd2  1/2-1/2

[Event "TCh-RUS"]
[Site "Sochi RUS"]
[Date "2007.05.02"]
[Round "1"]
[White "Amonatov,F"]
[Black "Inarkiev,E"]
[Result "1/2-1/2"]
[WhiteElo "2574"]
[BlackElo "2669"]

1.e4 c5 2.Nf3 Nc6 3.Nc3 g6 4.d4 cxd4 5.Nxd4 Bg7 6.Be3 Nf6 7.Bc4 Qa5 8.O-O O-O
9.Bb3 d6 10.h3 Bd7 11.f4 Nxd4 12.Bxd4 Bc6 13.Qd3 Rad8 14.Rad1 Nd7 15.Bxg7 Kxg7
16.Kh2 Qc5 17.Qe2 b5 18.Bd5 b4 19.Bxc6 bxc3 20.Bxd7 Rxd7 21.b3 e6 22.Rf3 Rc8
23.Qe3 d5 24.exd5 exd5 25.Qe5+ Kg8 26.Re1 d4 27.Qxc5 Rxc5 28.Rd3 f5 29.Kg3 Kf7
30.Kf2 Rcd5 31.Re2 R5d6 32.Re1 Re6 33.Red1 Rde7 34.Rxd4 Re2+ 35.Kg3 Rxc2
36.R1d3 h5 37.Rc4 h4+ 38.Kxh4 Rxg2 39.Rdxc3 Rxa2 40.Rc7 Rxc7 41.Rxc7+ Kf6  1/2-1/2

[Event "2nd President's Cup"]
[Site "Baku AZE"]
[Date "2007.05.03"]
[Round "1"]
[White "Safarli,E"]
[Black "Allahverdiyev,A"]
[Result "1-0"]
[WhiteElo "2463"]
[BlackElo "2051"]

1.e4 c5 2.Nf3 Nc6 3.Nc3 g6 4.d4 cxd4 5.Nxd4 Bg7 6.Nde2 d6 7.g3 Nf6 8.Bg2 O-O
9.O-O Bd7 10.Nd5 Qc8 11.Bg5 h6 12.Nxf6+ exf6 13.Bf4 Rd8 14.Nc3 g5 15.Be3 f5
16.f4 g4 17.Qd2 fxe4 18.f5 Ne5 19.Nd5 Kh7 20.f6 Bh8 21.Bxe4+ Ng6 22.Ne7 Qc7
23.Qd5 Be8 24.Bxg6+  1-0

[Event "Open"]
[Site "Halkidiki GRE"]
[Date "2007.05.03"]
[Round "7"]
[White "Slovineanu,V"]
[Black "Ermenkov,Evgenij"]
[Result "1/2-1/2"]
[WhiteElo "2421"]
[BlackElo "2500"]

1.e4 c5 2.Nc3 Nc6 3.Bb5 Nd4 4.Bc4 e6 5.Nf3 Nf6 6.O-O a6 7.e5 d5 8.exf6 dxc4
9.fxg7 Bxg7 10.d3 cxd3 11.Qxd3 Bd7 12.Nxd4 Bxd4 13.Be3 Bc6 14.Bxd4 Qxd4 15.Qxd4 cxd4
16.Ne2 Rg8 17.f3 Rd8 18.Rad1  1/2-1/2

[Event "TCh-RUS HL"]
[Site "Sochi RUS"]
[Date "2007.05.03"]
[Round "1"]
[White "Matlakov,M"]
[Black "Sokolov,D"]
[Result "0-1"]
[WhiteElo "2440"]
[BlackElo "2387"]

1.e4 c5 2.Nf3 Nc6 3.Nc3 g6 4.d4 cxd4 5.Nxd4 Bg7 6.Nb3 Nf6 7.Be2 O-O 8.O-O d6
9.Bg5 Be6 10.Re1 Na5 11.Nd4 Bc4 12.Bf3 Nc6 13.Nxc6 bxc6 14.Qd2 Rb8 15.b3 Be6
16.Rad1 Nd7 17.Bh6 Bxh6 18.Qxh6 Qa5 19.Qe3 Qc5 20.Qd2 Qe5 21.Be2 g5 22.Bd3 Kh8
23.Re3 Rg8 24.Ne2 Bg4 25.f3 Be6 26.c3 c5 27.Bc2 Qf6 28.Rf1 Ne5 29.Bd1 a5
30.Nc1 a4 31.Kh1 axb3 32.axb3 Ra8 33.g3 Ra1 34.f4 Bh3 35.Rf2 gxf4 36.gxf4 Qg6
37.Re1 Rxc1 38.fxe5 Rxd1  0-1

[Event "2nd President's Cup"]
[Site "Baku AZE"]
[Date "2007.05.06"]
[Round "4"]
[White "Aroshidze,L"]
[Black "Husseinov,S"]
[Result "1/2-1/2"]
[WhiteElo "2500"]
[BlackElo "2209"]

1.e4 c5 2.Nf3 Nc6 3.Nc3 e5 4.Bc4 d6 5.d3 Be7 6.h3 Nf6 7.O-O O-O 8.a3 a6 9.Nd5 Nxd5
10.Bxd5 Be6 11.c4 Qd7 12.Bd2 a5 13.Nh2 Bxd5 14.cxd5 Nd4 15.f4 f5 16.fxe5 dxe5
17.Bc3 fxe4 18.dxe4 Rxf1+ 19.Qxf1 Rf8 20.Qd3 b5 21.Rf1 c4 22.Qd1 Qa7 23.Kh1 b4
24.Rxf8+ Bxf8 25.Be1 Qc5 26.axb4 axb4 27.Qd2 Nb3 28.Qe2 Nd4 29.Qd2 Nb3  1/2-1/2

[Event "TCh-RUS HL"]
[Site "Sochi RUS"]
[Date "2007.05.07"]
[Round "5"]
[White "Vitinik,M"]
[Black "Bazarov,K"]
[Result "1-0"]
[WhiteElo "2363"]
[BlackElo "2232"]

1.e4 c5 2.Nf3 Nc6 3.Nc3 e5 4.Bc4 Be7 5.d3 Nf6 6.Nd2 d6 7.Nf1 O-O 8.Ne3 Be6
9.O-O a6 10.Ncd5 Nd7 11.c3 Bg5 12.a3 g6 13.f4 exf4 14.Nxf4 Bxc4 15.Nxc4 b5
16.Ne3 Bh6 17.Ng4 Bg7 18.Nd5 f6 19.Bf4 Nde5 20.Nge3 Kh8 21.a4 Qb8 22.axb5 axb5
23.Rxa8 Qxa8 24.Nc7 Qa5 25.Ne6 Re8 26.Nxg7 Kxg7 27.Nd5 Re6 28.Qd2 Nf7 29.Qf2 Qd8
30.Qh4 Nb8 31.Qh3 Qd7 32.Nc7 Re7 33.Qxd7 Rxd7 34.Ne8+ Kh8 35.Nxf6 Ra7 36.Ne8 Rd7
37.Bxd6 Na6 38.Be5+  1-0

[Event "FSIM May"]
[Site "Budapest HUN"]
[Date "2007.05.08"]
[Round "3"]
[White "Lengyel,B"]
[Black "Arjun,V"]
[Result "0-1"]
[WhiteElo "2324"]
[BlackElo "2274"]

1.e4 c5 2.Nf3 Nc6 3.Nc3 Nf6 4.e5 Ng4 5.Qe2 d6 6.exd6 e6 7.Nb5 Bxd6 8.Nxd6+ Qxd6
9.d3 O-O 10.h3 Nge5 11.Nxe5 Nxe5 12.Be3 b6 13.O-O-O Ba6 14.Qh5 Qd5 15.Kb1 g6
16.Qh4 f6 17.d4 Bxf1 18.Rhxf1 cxd4 19.Bh6 g5 20.Qh5 Rfc8 21.f4 Qxg2 22.Rc1 Rxc2
23.Rxc2 Qxf1+ 24.Rc1 Qxf4 25.Rc7 Qe4+ 26.Kc1 Nd3+ 27.Kc2 Nf4+  0-1

[Event "Mitropa Cup Men"]
[Site "Szeged HUN"]
[Date "2007.05.08"]
[Round "1"]
[White "Neubauer,M"]
[Black "Simacek,P"]
[Result "1/2-1/2"]
[WhiteElo "2474"]
[BlackElo "2495"]

1.e4 c5 2.Nc3 Nc6 3.Nf3 g6 4.Bb5 Nd4 5.Bc4 Bg7 6.Nxd4 cxd4 7.Qf3 e6 8.Nb5 d6
9.Qa3 Ke7 10.c3 Qb6 11.Nxd4 Bxd4 12.cxd4 Qxd4 13.d3 Qc5 14.b4 Qh5 15.Bb2 f6
16.O-O Nh6 17.f4 Rd8 18.Qc3 Ng8 19.e5 dxe5 20.Rae1 Bd7 21.fxe5 f5 22.Re3 Qh6
23.Rh3 Qg7 24.b5 Kf7 25.g4 Nh6 26.Rg3 Ke8 27.gxf5 Nxf5 28.Rxf5 exf5 29.e6 Qxc3
30.exd7+ Kxd7 31.Bxc3 f4 32.Rg4 Rf8 33.Be5 Rf5 34.d4 Rc8 35.Bd3 Rf7 36.Rxf4 Rxf4
37.Bxf4 Rc3 38.Be4 Rc4 39.Bxb7 Rxd4 40.Bc6+ Ke6 41.Be3 Rd1+ 42.Kg2 Ra1 43.Kf3 Rxa2
44.Ke4 Ra4+ 45.Bd4 Kd6 46.Bb7 g5 47.Kd3 g4 48.Ba6 Ra3+ 49.Ke4 Ra4 50.Kd3 Ra3+
51.Kc4 g3 52.hxg3 Rxg3 53.Bxa7 Rg4+ 54.Kd3 Rg7 55.Bd4 Rg4 56.Kc4 h5 57.b6 Kc6
58.b7 Rg8 59.Ba7 Kc7 60.Be3 Kc6 61.Ba7 Kc7 62.Kc5 Rg5+ 63.Kb4 Rg4+ 64.Kb5 Rg5+
65.Bc5 h4 66.Kc4 Rxc5+ 67.Kxc5  1/2-1/2

[Event "2nd President's Cup"]
[Site "Baku AZE"]
[Date "2007.05.09"]
[Round "7"]
[White "Guseinov,G"]
[Black "Gelashvili,T"]
[Result "1-0"]
[WhiteElo "2586"]
[BlackElo "2605"]

1.e4 c5 2.Nc3 Nc6 3.Nf3 d6 4.d4 cxd4 5.Nxd4 Nf6 6.Bg5 e6 7.Qd2 Be7 8.O-O-O O-O
9.f4 Nxd4 10.Qxd4 Qa5 11.Bc4 Bd7 12.e5 dxe5 13.Qxe5 b5 14.Bb3 Rad8 15.h3 Rfe8
16.Ne4 Nxe4 17.Bxe7 Rxe7 18.Qxe4 Ree8 19.Qb7 Bc8 20.Qc6 a6 21.a3 Rxd1+ 22.Rxd1 Rd8
23.c4 bxc4 24.Rxd8+ Qxd8 25.Bxc4 g6 26.Kb1 a5 27.Ka2 Bd7 28.Qd6 Qc8 29.Ba6 Qe8
30.g4 a4 31.Qc7 h6 32.h4 e5 33.Qxe5 Be6+ 34.Kb1 Qc6 35.Bd3 Bxg4 36.Qe4 Qd7
37.Kc1 Qd8 38.Bc2 Qxh4 39.Bxa4 Bf5 40.Qe8+ Kg7 41.Qe5+ Kh7 42.Kd2 Qf2+ 43.Kc3 h5
44.Bb3 Qf3+ 45.Kb4 h4 46.Bd5 Qf2 47.Bxf7 Qd2+ 48.Kb3 Qd7 49.Bd5 h3 50.a4 h2
51.Ka3 Qd8 52.b3 Qh4 53.Bh1 Qf2 54.a5 Qc2 55.Qd5 Qc1+ 56.Kb4 Qxf4+ 57.Kb5 Bc8
58.b4 Kh6 59.Kc5 Qc7+ 60.Kd4 Qf4+ 61.Qe4 Qd6+ 62.Ke3 Qg3+ 63.Kd2 Qf2+ 64.Kc3 Bf5
65.Qf3 Qe1+ 66.Kc4 Be6+ 67.Kb5 Bd7+ 68.Kc4 Qe6+ 69.Qd5 Qe2+ 70.Kd4 Be6 71.Qe4 Qb2+
72.Kc5 Bf5 73.Qh4+ Kg7 74.Qd4+  1-0

[Event "TCh-RUS"]
[Site "Sochi RUS"]
[Date "2007.05.09"]
[Round "8"]
[White "Bezgodov,A"]
[Black "Smirnov,P"]
[Result "1/2-1/2"]
[WhiteElo "2561"]
[BlackElo "2631"]

1.e4 c5 2.Nc3 Nc6 3.Bb5 Nd4 4.a4 e6 5.Nf3 a6 6.Bd3 Ne7 7.Nxd4 cxd4 8.Ne2 d5
9.O-O Nc6 10.exd5 Qxd5 11.c4 Qd8 12.Be4 Be7 13.d3 O-O 14.f4 a5 15.f5 exf5
16.Bxf5 Bd6 17.Be4 Bg4 18.h3 Bh5 19.Bf4 Re8 20.Bxd6 Qxd6 21.Qd2 Bg6 22.Bxc6 bxc6
23.Qf4 Qb4 24.Nxd4 Qxb2 25.Qf2 Qc3 26.Nxc6 Qxd3 27.Qc5 h6 28.Ne5 Qg3 29.Nxg6 Qxg6
30.Qf5 Qxf5 31.Rxf5 Re4 32.Rc5 Rd8 33.Ra2 Rdd4 34.Rxa5 Rxc4 35.Ra7 Kh7 36.a5 Ra4
37.Rf2 Re5 38.Rfxf7 Rg5 39.a6 Rg6  1/2-1/2

[Event "Grand Prix Open"]
[Site "Galatzi ROM"]
[Date "2007.05.10"]
[Round "3"]
[White "Lupulescu,C"]
[Black "Chirila,I"]
[Result "1/2-1/2"]
[WhiteElo "2565"]
[BlackElo "2314"]

1.e4 c5 2.Nc3 Nc6 3.Nge2 e5 4.Nd5 Nf6 5.Nxf6+ Qxf6 6.Nc3 Qd8 7.Bc4 Be7 8.d3 O-O
9.Nd5 Bg5 10.f4 exf4 11.O-O d6 12.Bxf4 Bxf4 13.Nxf4 Ne5 14.Bb3 Ng6 15.Nxg6 hxg6
16.Qe2 Qe7 17.e5 Be6 18.exd6 Qxd6 19.Bxe6 Qxe6 20.Qxe6 fxe6 21.Rfe1 Rf6 22.Re5 b6
23.Rae1 Kf7 24.g4 Rd8 25.R5e4 Rd5 26.Kg2 g5 27.a3 Rf4 28.Rxf4+ gxf4 29.Kf3 e5
30.h4 Kf6 31.b4 c4 32.dxc4 Rd2 33.Re2 Rd4 34.Re4 Rd2 35.Re2 Rd4 36.Re4  1/2-1/2

[Event "Grand Prix Open"]
[Site "Galatzi ROM"]
[Date "2007.05.10"]
[Round "3"]
[White "Karakehajov,K"]
[Black "Grigore,Ge"]
[Result "0-1"]
[WhiteElo "2443"]
[BlackElo "2517"]

1.e4 c5 2.Nc3 Nc6 3.Nge2 d6 4.d4 cxd4 5.Nxd4 e5 6.Nf5 Bxf5 7.exf5 Rc8 8.Nd5 Qd7
9.Ne3 Nge7 10.Bd3 d5 11.O-O e4 12.Bb5 d4 13.Nc4 Nxf5 14.Qe2 Qe6 15.Re1 a6
16.Bxc6+ Rxc6 17.Na5 Bb4 18.Bd2 Rxc2 19.Qg4 h5 20.Rxe4 hxg4 21.Rxe6+ fxe6
22.Bxb4 Kf7 23.b3 b5  0-1

[Event "TCh-RUS HL"]
[Site "Sochi RUS"]
[Date "2007.05.10"]
[Round "8"]
[White "Tseshkovsky,V"]
[Black "Filippov,Va"]
[Result "1/2-1/2"]
[WhiteElo "2517"]
[BlackElo "2552"]

1.e4 c5 2.Nf3 Nc6 3.Nc3 Nf6 4.Bb5 g6 5.h3 Qc7 6.O-O Bg7 7.Re1 e5 8.d3 O-O
9.Bg5 Ne7 10.g4 h6  1/2-1/2

[Event "Mitropa Cup Men"]
[Site "Szeged HUN"]
[Date "2007.05.12"]
[Round "5"]
[White "Sakelsek,T"]
[Black "Saric,Iv"]
[Result "1/2-1/2"]
[WhiteElo "2487"]
[BlackElo "2463"]

1.e4 c5 2.Nf3 Nc6 3.Nc3 e5 4.Bc4 Be7 5.d3 d6 6.O-O Nf6 7.Ng5 O-O 8.f4 Bg4
9.Qe1 exf4 10.Bxf4 Nd4 11.Qd2 Qd7 12.Be3 a6 13.Nd5 Nxd5 14.Bxd5 Ne6 15.Nf3 Nc7
16.Bb3 Be6 17.Bxe6 Qxe6 18.Bg5 Rae8 19.Nh4 Bxg5 20.Qxg5 Qe5 21.Nf5 g6 22.Qg3  1/2-1/2

[Event "Mitropa Cup Men"]
[Site "Szeged HUN"]
[Date "2007.05.13"]
[Round "6"]
[White "Neubauer,M"]
[Black "Pinter,E"]
[Result "1/2-1/2"]
[WhiteElo "2474"]
[BlackElo "2394"]

1.e4 c5 2.Nc3 Nc6 3.Bb5 g6 4.Bxc6 dxc6 5.d3 Bg7 6.Be3 b6 7.Qd2 Nf6 8.h3 O-O
9.Bh6 a5 10.a4 e5 11.Nge2 Ra7 12.O-O Nh5 13.Bxg7 Kxg7 14.f4 exf4 15.Nxf4 Qd4+
16.Rf2 Nxf4 17.Qxf4 Re7  1/2-1/2

[Event "FSGM May"]
[Site "Budapest HUN"]
[Date "2007.05.14"]
[Round "12"]
[White "Collins,S IRL"]
[Black "Illner,A"]
[Result "1-0"]
[WhiteElo "2398"]
[BlackElo "2339"]

1.e4 c5 2.Nc3 Nc6 3.Bb5 g6 4.Bxc6 bxc6 5.f4 Bg7 6.Nf3 Nh6 7.d3 O-O 8.O-O Rb8
9.Qe1 d5 10.f5 Qd6 11.Qh4 gxf5 12.Bf4 e5 13.Nxe5 Bxe5 14.Bxh6 fxe4 15.Qg5+ Kh8
16.Bxf8 Bd4+ 17.Kh1 Qxf8 18.Ne2 Bg7 19.dxe4 Rxb2 20.Rab1 Rxc2 21.Ng3 dxe4
22.Rb8 Rb2 23.Rxf7  1-0

[Event "Mitropa Cup Men"]
[Site "Szeged HUN"]
[Date "2007.05.15"]
[Round "8"]
[White "Kurmann,O"]
[Black "Saric,Iv"]
[Result "0-1"]
[WhiteElo "2433"]
[BlackElo "2463"]

1.e4 c5 2.Nf3 Nc6 3.Nc3 d6 4.d4 cxd4 5.Nxd4 Nf6 6.f3 e5 7.Nb3 Be7 8.Be3 Be6
9.Nd5 Bxd5 10.exd5 Nb4 11.c4 a5 12.Qd2 b6 13.Be2 O-O 14.O-O Na6 15.Nc1 Nc5
16.b3 Nfd7 17.Bd3 f5 18.Bc2 f4 19.Bf2 Bh4 20.a3 Bxf2+ 21.Qxf2 Qg5 22.Rb1 e4
23.Bxe4 Nxe4 24.fxe4 f3 25.Nd3 fxg2 26.Qxg2 Qe3+ 27.Nf2 Ne5 28.Kh1 Rf4 29.Qh3 Rf3
30.Qe6+ Kh8 31.Rbe1 Qf4 32.Kg2 Rf8 33.Nh3 Qd2+ 34.Kg1 Rxf1+ 35.Rxf1 Nf3+  0-1

[Event "ch-UZB"]
[Site "Tashkent UZB"]
[Date "2007.05.15"]
[Round "5"]
[White "Filippov,An UZB"]
[Black "Galyamov,V"]
[Result "1-0"]
[WhiteElo "2481"]
[BlackElo "2238"]

1.e4 c5 2.Nc3 Nc6 3.Bb5 e6 4.Nf3 Nge7 5.O-O a6 6.Bxc6 Nxc6 7.d4 cxd4 8.Nxd4 Be7
9.Nxc6 bxc6 10.e5 d5 11.exd6 Bxd6 12.Ne4 Bxh2+ 13.Kxh2 Qh4+ 14.Kg1 Qxe4 15.Re1 Qb4
16.c3 Qh4 17.Qd6 Bb7 18.Be3 Rd8 19.Qe5 Qf6 20.Qg3 h6 21.Bb6 Rc8 22.Bc5 h5
23.Rad1 h4 24.Qd6 Rd8 25.Qc7 Ba8 26.Rxd8+ Qxd8 27.Rxe6+ fxe6 28.Qxg7 Rh5
29.Qg6+ Kd7 30.Qxh5 Kc8 31.Kh2 Bb7 32.Qf7 Qd5 33.Qf8+ Qd8 34.Qxd8+ Kxd8 35.Kh3 e5
36.Kxh4 Kd7 37.g4 Ke6 38.g5 Bc8 39.Kh5 Kf5 40.g6 Kf6 41.Kh6 Bf5 42.g7 Kf7
43.b4 Kg8 44.Bd6 e4 45.a3 Kf7 46.Be5 Kg8 47.Kg5 Be6 48.Kf6 Bc4 49.Ke7 Bb5
50.Bd4 Ba4 51.Kd6 Kf7 52.Kc5 Bb5 53.c4 Ba4 54.Kb6 Bb3 55.c5 Ba4 56.Kxa6  1-0

[Event "Mitropa Cup Men"]
[Site "Szeged HUN"]
[Date "2007.05.16"]
[Round "9"]
[White "Ragger,M"]
[Black "Saric,Iv"]
[Result "1-0"]
[WhiteElo "2498"]
[BlackElo "2463"]

1.e4 c5 2.Nf3 Nc6 3.Nc3 Nf6 4.Bb5 Qc7 5.O-O Nd4 6.d3 a6 7.Ba4 b5 8.Bb3 Nxb3
9.axb3 Bb7 10.Re1 e6 11.Bg5 b4 12.Nb1 d5 13.Nbd2 dxe4 14.dxe4 Be7 15.Qe2 O-O
16.Qc4 h6 17.Bh4 Rfe8 18.Bg3 Qc8 19.h3 Bc6 20.Qe2 a5 21.Ne5 Nd7 22.Nxc6 Qxc6
23.Nc4 Qb5 24.Rad1 Nb6 25.Nxb6 Qxb6 26.Rd7 a4 27.bxa4 Rxa4 28.Red1 Qa6 29.R1d3 c4
30.R3d4 c3 31.Qxa6 Rxa6 32.bxc3 bxc3 33.Rc4 f6 34.Rcc7 Kf8 35.Bf4 e5 36.Be3 Ra5
37.g3 h5 38.Kg2 Rb5 39.Kf3 g6 40.Ke2 Ra5 41.Rxc3 Kf7 42.Rb7 Ra6 43.g4 hxg4
44.hxg4 Ke6 45.Bb6 Bd6 46.Rc6 Rd8 47.Re7+  1-0

[Event "25th Liechtenstein Open"]
[Site "Triesen LIE"]
[Date "2007.05.17"]
[Round "7"]
[White "Jaracz,P"]
[Black "Landenbergue,C"]
[Result "1/2-1/2"]
[WhiteElo "2490"]
[BlackElo "2435"]

1.e4 c5 2.Nc3 Nc6 3.Nf3 Nf6 4.Bb5 Qc7 5.O-O e5 6.Bc4 Be7 7.d3 d6 8.Ng5 O-O
9.f4 h6 10.Nf3 exf4 11.Bxf4 Be6 12.Qd2 Qd7 13.Rae1 d5 14.exd5 Nxd5 15.Bxd5 Bxd5
16.Ne5 Nxe5 17.Nxd5  1/2-1/2

[Event "25th Liechtenstein Open"]
[Site "Triesen LIE"]
[Date "2007.05.17"]
[Round "7"]
[White "Jaracz,B"]
[Black "Bronznik,V"]
[Result "1-0"]
[WhiteElo "2273"]
[BlackElo "2396"]

1.e4 c5 2.Nf3 Nc6 3.Nc3 Nf6 4.Bb5 Qc7 5.O-O Nd4 6.d3 a6 7.Bc4 Ng4 8.Bxf7+ Kxf7
9.Ng5+ Kg8 10.Qxg4 h6 11.Nf3 d6 12.Qg3 Nxc2 13.Nd5 Qd8 14.Rb1 e6 15.Nf4 Rh7
16.Ng6 Bd7 17.Be3 Bb5 18.Rbd1 Nb4 19.Ne1 Nxa2 20.f4 Be7 21.f5 exf5 22.Rxf5 Nb4
23.d4 c4 24.Bd2 d5 25.Bxb4 Bxb4 26.Rxd5 Qf6 27.Nc2 Be8 28.Nf4 Be7 29.Rf5 Qh4
30.Ng6 Bxg6 31.Qxg6 h5 32.Ne3 Rh6 33.Qf7+ Kh7 34.g3 Qxe4 35.Re5 Qg6 36.Qxg6+ Rxg6
37.Rxe7 b5 38.d5 Rd8 39.Re5 Rh6 40.Kg2  1-0

[Event "ch-UZB"]
[Site "Tashkent UZB"]
[Date "2007.05.19"]
[Round "9"]
[White "Khamrakulov,D"]
[Black "Galyamov,V"]
[Result "1/2-1/2"]
[WhiteElo "2322"]
[BlackElo "2238"]

1.e4 c5 2.Nc3 Nc6 3.Nf3 e5 4.g3 Nf6 5.Bg2 d6 6.d3 h6 7.O-O Be6 8.a3 Qd7 9.Rb1 Be7
10.b4 O-O 11.Ne2 b5 12.c3 cxb4 13.cxb4 d5 14.Bb2 d4 15.Nxe5 Nxe5 16.f4 Nc6
17.f5 Ba2 18.Ra1 Ng4 19.Bc1 a5 20.bxa5 Rxa5 21.Rxa2 Rfa8 22.Qb3 Nge5 23.f6 Bxf6
24.Bxh6 Be7 25.Bc1 b4 26.a4 Qa7 27.Rc2 Qb6 28.Nf4 Bd6 29.Rcf2 Rxa4 30.Ng6 R4a7
31.Bh3 Re8 32.Bf4 Nxg6 33.Bxd6 Nce5 34.Bxb4 Rb8 35.Rb2 Nc6 36.Rfb1 Rab7 37.Qd5 Nxb4
38.Rxb4 Qxb4 39.Rxb4 Rxb4 40.Kf2 Rb2+ 41.Kf3 Rxh2 42.Bf5 Nf8 43.e5 g6 44.Be4 Rb4
45.Qd6 Rhb2 46.Bd5 Rb1 47.Kg4 R4b2 48.Qf6 Rb7 49.Bxb7 Rxb7 50.Qc6 Rb1 51.Kg5 Nh7+
52.Kf4 Nf8 53.Qc8 Kg7 54.Ke4 Ne6 55.Qc2 Rb5 56.Qf2 Rc5 57.Qf6+ Kg8 58.Qe7 Kg7
59.g4 Kg8 60.Qf6 Rb5 61.Qf1 Rc5 62.Qb1 Kg7 63.Qb8 Ra5 64.Kf3 Rc5 65.Ke2 Rc2+
66.Kf3 Rc3 67.Ke4 Rc5  1/2-1/2

[Event "V Regina Helena Marques Prol"]
[Site "Santos BRA"]
[Date "2007.05.20"]
[Round "2"]
[White "Marra,E"]
[Black "Larrea,M"]
[Result "0-1"]
[WhiteElo "2290"]
[BlackElo "2317"]

1.e4 c5 2.Nf3 Nc6 3.Nc3 d6 4.d4 cxd4 5.Nxd4 Nf6 6.Bc4 e6 7.Be3 Be7 8.Qe2 a6
9.Bb3 Qc7 10.O-O-O Na5 11.g4 b5 12.g5 Nxb3+ 13.axb3 Nd7 14.Nf5 exf5 15.Nd5 Qd8
16.exf5 Bb7 17.f6 gxf6 18.gxf6 Bxd5 19.fxe7 Qa5 20.Bd4 Rg8 21.Rhe1 Rc8 22.Kb1 Qc7
23.Rd2 Qc6 24.Qd3 Rg6 25.f4 Re6 26.Rxe6 Bxe6 27.f5 Bd5 28.Re2 Bf3 29.Re3 Bh5
30.Rg3 Ne5 31.Bxe5 dxe5 32.c3 Kxe7 33.Qe3 f6 34.Rg7+ Bf7 35.Rxh7 Rc7 36.Rh8 Bxb3  0-1

[Event "XXXVII Bosnia GMB"]
[Site "Sarajevo BIH"]
[Date "2007.05.20"]
[Round "2"]
[White "Tomic,Bos"]
[Black "Zugic,I"]
[Result "1/2-1/2"]
[WhiteElo "2393"]
[BlackElo "2481"]

1.e4 c5 2.Nf3 Nc6 3.Nc3 d6 4.d4 cxd4 5.Nxd4 e5 6.Ndb5 a6 7.Na3 b5 8.Nd5 Nce7
9.c4 Nxd5 10.exd5 bxc4 11.Nxc4 Nf6 12.Bd2 Bd7 13.Ba5 Qb8 14.Nb6 Ra7 15.Qb3 Be7
16.Nxd7 Nxd7 17.Qxb8+ Nxb8 18.Rc1 Bd8 19.Bd2 Kd7 20.Be2 f5 21.O-O Bb6 22.b4 Rc8
23.Rxc8 Kxc8 24.Rc1+ Rc7 25.Rxc7+ Kxc7 26.a4 a5 27.bxa5 Bc5 28.Bb5 Nd7 29.Bxd7 Kxd7
30.Kf1 Kc7 31.Ke2 Kb7 32.f3 g6 33.Kd3 Ka6 34.h3 Kb7 35.Kc4 Ka6 36.Bc3 Ba7
37.Bb4 Bb8 38.Kd3 Bc7 39.Kc4 Bb8 40.Kd3  1/2-1/2

[Event "ch-USA"]
[Site "Stillwater USA"]
[Date "2007.05.20"]
[Round "6"]
[White "Ivanov,AV USA"]
[Black "Langer,M USA"]
[Result "1-0"]
[WhiteElo "2565"]
[BlackElo "2315"]

1.e4 c5 2.Nc3 Nc6 3.Nf3 g6 4.d4 cxd4 5.Nxd4 Bg7 6.Be3 Nf6 7.Bc4 O-O 8.Bb3 a5
9.O-O a4 10.Nxa4 Nxe4 11.c4 d6 12.Re1 Ra6 13.Rb1 Nf6 14.h3 Nd7 15.Nb5 b6
16.Nac3 Nc5 17.Nd4 Bb7 18.Nxc6 Bxc6 19.Bd4 e5 20.Be3 Qa8 21.f3 e4 22.f4 Nd3
23.Rf1 Nxb2 24.Rxb2 Bxc3 25.Rbf2 f5 26.c5+ d5 27.cxb6 Ba5 28.Rc2 Rd8 29.g4 fxg4
30.Qxg4 Bxb6 31.Qe6+ Kh8 32.Bxb6 Rxb6 33.Rfc1 Rxb3 34.axb3 Bd7 35.Qe5+ Kg8
36.Rc7 Re8 37.Qd6 Be6 38.f5 Qa2 39.fxe6 Rf8 40.Qxf8+  1-0

[Event "1st WCh-Team Women"]
[Site "Ekaterinburg RUS"]
[Date "2007.05.21"]
[Round "2"]
[White "Vozovic,O"]
[Black "Nemcova,Kat"]
[Result "1/2-1/2"]
[WhiteElo "2356"]
[BlackElo "2164"]

1.e4 c5 2.Nc3 Nc6 3.Bb5 Nd4 4.Bc4 g6 5.Nge2 Bg7 6.Nxd4 cxd4 7.Qf3 Nh6 8.Ne2 O-O
9.d3 Ng4 10.Bb3 d6 11.Qg3 a5 12.a4 Qb6 13.O-O Nf6 14.Bg5 Bd7 15.Kh1 Rac8
16.Nf4 Qc5 17.Bxf6 Bxf6 18.Nd5 Be6 19.Nxf6+ exf6 20.Bxe6 fxe6 21.c3 dxc3
22.bxc3 Qxc3 23.Qxd6 Rc6  1/2-1/2